000 00684nam a2200241Ia 4500
003 OSt
005 20220926013444.0
006 a|||||r|||| 00| 0
007 ta
008 220923b |||||||| |||| 00| 0 eng d
020 _a9781850438472
037 _cGeneral Book
040 _aRTL
_cRTL
_beng
041 _2eng
_aeng
082 _aU0a:5, P8
100 _acosgrove Denis
_9249352
245 0 _aGeography and vision
_b Seeing, imaging and representing the world
260 _aNew York
_bI. B. Tauris
_c2008
300 _axi, 256p
_ccm.
500 _aBibliography: P.219-48
942 _hU0a:5, P8
_cGB
_2CC
999 _c626025
_d626025